Implementing Cisco IP Routing (ROUTE). Foundation Learning Guide : Foundation learning for the ROUTE 642-902 Exam

Salvato in:
Dettagli Bibliografici
Autore principale: Teare, Diane (Autore)
Natura: Libro
Lingua:inglese
Pubblicazione: Indianapolis : Cisco Press, 2010
Soggetti:
Tags: Aggiungi Tag
Nessun Tag, puoi essere il primo ad aggiungerne!!

MARC

LEADER 00000nam a22000003a 4500
001 stu219635
005 20150617230117.7
008 101217s2010----xxu-----------------eng-d
020 |a 978-1-58705-882-0 
040 |a STU  |b slo 
041 0 |a eng 
044 |a xxu 
100 1 |a Teare, Diane  |4 aut 
245 1 |a Implementing Cisco IP Routing (ROUTE). Foundation Learning Guide :  |b Foundation learning for the ROUTE 642-902 Exam 
260 |a Indianapolis :  |b Cisco Press,  |c 2010 
300 |a 945 s 
650 7 |a CISCO systémy  |2 stusub 
650 7 |a príručka  |2 stusub 
996 |b 284IK06626  |c I*4CS6230  |l II680  |s A  |a 24  |w stu219635_0001